[Event "Iberoamerican-ch 9th"]
[Site "Panama City"]
[Date "2023.11.30"]
[Round "7"]
[White "Gualotuna Duran, Dante Alfredo"]
[Black "Lobo Jimenez, Marielys Judith"]
[Result "0-1"]
[WhiteElo "1147"]
[BlackElo "1368"]
[PlyCount "58"]
[EventDate "2023.11.25"]
[EventType "swiss"]
[EventRounds "9"]
[EventCountry "PAN"]
[SourceTitle "CB49_2023"]
[SourceDate "2023.12.06"]
[SourceVersion "1"]
[SourceVersionDate "2023.12.06"]
[SourceQuality "1"]

1. e4 c5 2. Nc3 d6 3. f4 Nc6 4. Nf3 Nf6 5. Bb5 Bd7 6. Bxc6 Bxc6 7. d3 g6 8. 0-0 Bg7 9. Qe1 Qb6 10. Kh1 0-0 11. f5 h6 12. fxg6 fxg6 13. Nd5 Bxd5 14. exd5 Nxd5 15. Qe6+ Rf7 16. Qxd5 Raf8 17. Qe6 Qc6 18. Nh4 d5 19. Qxf7+ Rxf7 20. Re1 Qf6 21. Nf3 Qd6 22. c3 e5 23. Rd1 Qe6 24. Bd2 e4 25. dxe4 dxe4 26. Ng1 e3 27. Bc1 e2 28. Re1 Rf2 29. Rb1 Qg4 0-1

[Event "Iberoamerican-ch 9th"]
[Site "Panama City"]
[Date "2023.11.29"]
[Round "6"]
[White "Lobo Jimenez, Marielys Judith"]
[Black "Garcia Cuestas, Kevin"]
[Result "0-1"]
[WhiteElo "1368"]
[BlackElo "1932"]
[PlyCount "110"]
[EventDate "2023.11.25"]
[EventType "swiss"]
[EventRounds "9"]
[EventCountry "PAN"]
[SourceTitle "CB49_2023"]
[SourceDate "2023.12.06"]
[SourceVersion "1"]
[SourceVersionDate "2023.12.06"]
[SourceQuality "1"]

1. e4 d6 2. d4 Nf6 3. Nc3 c6 4. h3 Qa5 5. Bd2 Qb6 6. Nf3 Qxb2 7. Rb1 Qa3 8. Rb3 Qa5 9. Nd5 Qd8 10. Nxf6+ exf6 11. Bd3 Be7 12. 0-0 Qc7 13. c4 0-0 14. Qc2 h6 15. Bf4 Re8 16. Qd2 Bf8 17. Rc1 Qd8 18. Qc2 Nd7 19. Rcb1 Qa5 20. Bd2 Qh5 21. Qd1 c5 22. d5 Nb6 23. Nh2 Qg6 24. e5 Bf5 25. Bxf5 Qxf5 26. exf6 Qxf6 27. Qg4 Qe5 28. Bxh6 Qe4 29. Bc1 Qe1+ 30. Nf1 Re4 31. Bf4 Qe2 32. Qxe2 Rxe2 33. R1b2 Re4 34. Be3 Rxc4 35. Nd2 Ra4 36. Rd3 Rc8 37. Nf3 c4 38. Rd4 c3 39. Rc2 Rxd4 40. Bxd4 Nxd5 41. Ne1 a6 42. Nd3 b5 43. Nc1 g6 44. Ne2 b4 45. a3 a5 46. axb4 axb4 47. Nc1 Bg7 48. Nb3 Ra8 49. Kf1 Ra3 50. Bxg7 Kxg7 51. Nd4 b3 52. Rc1 b2 53. Rc2 Nf4 54. Kg1 b1Q+ 55. Kh2 Nh5 0-1